1594 1620 1996 1230 1344 1177 1034 1316 1890 1646 1184 1177 1435 1634 1335 1873 1038 1217 1799 1160 1052 1859 1065 1974 1982 1664 1777 1515 1827 1077 1859 1091 1441 1931 1756 1383 1428 1895 1416 1449 1487 1564 1954 1475 1228 1942 1502 1983 1342 1183 1003 1907 1808 1926 1668 1622 1487 1418 1265 1220 1446 1579 1195 1891 1474 1636 1640 1911 1343 1672 1210 1166 1480 1138 1479 1238 1520 1872 1378 1253 1836 1330 1432 1925 1076 1787 1890 1985 1539 1114 1481 1943 1169 1717 1577 1400 1861 1889 1972 BCNSPRNW ULIB Ver.6.0+V

เปลี่ยนเป็นภาษาไทย

Change to English
 แสดงรายละเอียดบรรณานุกรม
  กลับหน้าหลัก

Brief Record : Get Marc (ISO 2709) : E-mail record : QR code < ปิดหน้าต่าง
LEADER : 00000nam 2200000uu 4500
001    13399123275
003     ULIB
008    140813s2013||||th 000 0 eng d
020    ^a9789744226860 (v.I )
060 04 ^aQZ200^bCS215
245 00 ^aCancer incidence and mortality in Chachoengsao, Thailand ... /^ceditors, K. Thepsuwan ... [et al.] ; Chonburi Cancer Center, Cancer Registry Unit, Ministry of Public Health
260    ^aChonburi :^bChonburi Cancer Center, Cancer Registry Unit, Ministry of Public Health,^cc2013-
300    ^a v. :^bill. ;^c30 cm.
362 0  ^aVol. I (2005-2009) --
591    ^aLISI has Vol. I (2005-2009)
650  2 ^aNeoplasms^xmortality
650  2 ^aNeoplasms^xepidemiology
650  2 ^aNeoplasms^xstatistics^zThailand
650  2 ^aStatistics
651  2 ^aThailand^xepidemiology
651  2 ^aThailand
700 0  ^aKitisak Thepsuwan,^eed.
710 2  ^aMinistry of Public Health. ^bCancer Registry Unit. ^bChonburi Cancer Center
945    ^p0^l0^i034575
945    ^p0^l0^i034576
999    ^aเกษร โพธิ์สุวรรณ
รายการนี้ยังไม่มีแท็ก
คุณยังไม่ได้ล็อกอิน คุณสามารถมีกิจกรรมร่วมกับเว็บไซต์ได้ แต่ต้องล็อกอินก่อน ::
  ล็อกอิน

รายการสื่อสารสนเทศ

ลำดับที่ ประเภท เลขเรียก/บาร์โค้ด สถานที่ สถานะ
1. วิทยาศาสตร์การแพทย์ และสุขภาพ
วิทยาศาสตร์การแพทย์ และสุขภาพ
QZ200 CS215 ฉ.1 
  Barcode: 034575
ห้องสมุดวิทยาเขตสวรรค์ประชารักษ์
►หนังสือทั่วไป
บนชั้น
2. วิทยาศาสตร์การแพทย์ และสุขภาพ
วิทยาศาสตร์การแพทย์ และสุขภาพ
QZ200 CS215 ฉ.2 
  Barcode: 034576
ห้องสมุดวิทยาเขตสวรรค์ประชารักษ์
►หนังสือทั่วไป
บนชั้น

รายการใกล้เคียง
    หัวเรื่อง [Statistics]

BibComment


ยังไม่เคยถูกคอมเมนท์

คอมเมนท์ทรัพยากรรายการนี้
  คอมเมนท์: Cancer incidence..


 Copyright 2026. Bcnsprnw @Library